|
|
|
|
| LEADER |
00000cam a2200000 7i4500 |
| 001 |
0000001450 |
| 005 |
20071217.0 |
| 008 |
071217 |
| 020 |
|
|
|a 9839323911
|
| 090 |
0 |
0 |
|a 158.1
|b LIM
|
| 100 |
1 |
|
|a Lim, Billi P. S
|
| 245 |
1 |
0 |
|a Dare to fail
|c Billi P. S Lim
|
| 260 |
|
|
|a Selangor :
|b Hardknock Factory ,
|c 1996
|
| 650 |
|
0 |
|a Failure (Psychology)
|
| 650 |
|
0 |
|a Fear of failure
|
| 650 |
|
0 |
|a Losers
|
| 710 |
0 |
|
|a Title
|
| 999 |
|
|
|a 0000957234
|b Book
|c Adult Collection
|e Perbadanan Perpustakaan Awam Johor
|
| 999 |
|
|
|a 0000957235
|b Book
|c Adult Collection
|e Perbadanan Perpustakaan Awam Johor
|
| 999 |
|
|
|a 0000957236
|b Book
|c Adult Collection
|e Perbadanan Perpustakaan Awam Johor
|
| 999 |
|
|
|a 0001003733
|b Book
|c Adult Collection
|e Perbadanan Perpustakaan Awam Johor
|
| 999 |
|
|
|a 0001060355
|b Book
|c Adult Collection
|e Perbadanan Perpustakaan Awam Johor
|